Countries with 1 Million Immigrants - Sudden Death - Statistics

General Stats
  • This quiz has been taken 194 times
  • The average score is 9 of 24
Answers on the Grid
Answers color-coded by a green-red scale on the quiz's grid according to % correct below.
Angola
Australia
Belgium
Bolivia
Canada
China
Cuba
Egypt
Ethiopia
Finland
France
Germany
Hungary
India
Indonesia
Iraq
Italy
Kenya
Libya
Malaysia
Mexico
Morocco
New Zealand
Norway
Pakistan
Philippines
Poland
Romania
Russia
Saudi Arabia
South Africa
South Korea
Sweden
Tanzania
Thailand
Turkey
Ukraine
United States
Venezuela
Vietnam
 
Answer Stats
Answer % Correct
Australia
78%
Canada
69%
United States
67%
France
64%
Germany
61%
China
58%
Belgium
56%
India
50%
Italy
50%
Sweden
44%
Saudi Arabia
42%
Turkey
42%
Mexico
36%
Russia
33%
South Africa
33%
New Zealand
25%
Pakistan
25%
Thailand
22%
South Korea
19%
Malaysia
17%
Ukraine
14%
Venezuela
8%
Ethiopia
6%
Kenya
6%
No matching quizzes found
Score Distribution
Percent of People with Each Score
Percentile by Number Answered
Your Score History
You have not taken this quiz